Statystyki dla Państwa z Andoniedźwiedźi okularowe

Kliknij tutaj aby rozwiązać quiz!

Ogólne statystyki

  • Ten quiz został rozwiązany 44 razy
  • Średni wynik to 5 z 6

Statystyki odpowiedzi

Kraina niedźwiedzi okularowych% Poprawnych
Peru
95%
Argentyna
93%
Boliwia
93%
Kolumbia
90%
Wenezuela
86%
Ekwador
81%

Rozkład punktacji

Percentyl według liczby udzielonych odpowiedzi

Procent ludzi z każdym wynikiem

Twoja historia wyników

Nie rozwiązałeś tego quizu